[Event "only under 1900 (leisure version)"]
[Site "SchemingMind.com"]
[Date "2018.04.06"]
[Round "-"]
[White "Scooter"]
[Black "Iucounu"]
[Result "1-0"]
[WhiteCountry "USA"]
[BlackCountry "ENG"]
[WhiteElo "1758"]
[WhiteRD "59"]
[BlackElo "1604"]
[BlackRD "75"]
[GameID "426677"]

1. d4 Nf6 2. Nf3 e6 3. Bg5 c5 4. e3 Be7 5. c3 cxd4 6. cxd4 Qa5+ 7. Nbd2 h6 8. Bxf6 Bxf6 9. Be2 O-O 10. O-O d5
11. Nb3 Qb6 12. Rc1 Bd7 13. Qd2 Nc6 14. Nc5 Qc7 15. Bb5 a6 16. Nxd7 Qxd7 17. Bxc6 bxc6 18. Rc5 Be7 19. Ne5 Qb7 20. Rxc6 Bf6
21. Rfc1 Bxe5 22. dxe5 Rfc8 23. Rxc8+ Rxc8 24. Rxc8+ Qxc8 25. Qc3 Qxc3 26. bxc3 Kf8 27. Kf1 Ke7 28. Ke2 f6 29. exf6+ Kxf6 30. Kd3 Ke5
31. f4+ Kd6 32. Kd4 g5 33. fxg5 e5+ 34. Kd3 hxg5 35. h3 Kc5 36. g3 e4+ 37. Kd2 Kc4 38. h4
1-0

[Event "only under 1900 (leisure version)"]
[Site "SchemingMind.com"]
[Date "2018.04.05"]
[Round "-"]
[White "Iucounu"]
[Black "Scooter"]
[Result "0-1"]
[WhiteCountry "ENG"]
[BlackCountry "USA"]
[WhiteElo "1604"]
[WhiteRD "75"]
[BlackElo "1758"]
[BlackRD "59"]
[GameID "426678"]

1. d4 Nf6 2. c4 g6 3. Nc3 Bg7 4. e4 d6 5. Nf3 Bg4 6. Be2 Bxf3 7. Bxf3 c6 8. O-O O-O 9. Re1 Nbd7 10. a3 e5
11. Be3 Re8 12. b4 exd4 13. Bxd4 Ne5 14. Be2 Qc7 15. f4 Ned7 16. Bf3 c5 17. Bxf6 Bxf6 18. Nd5 Qd8 19. Nxf6+ Nxf6 20. bxc5 dxc5
21. Qxd8 Raxd8 22. e5 Nd7 23. Bxb7 Nb6 24. Bc6 Re6 25. Bb5 Rd4 26. g3 Nxc4 27. Bxc4 Rxc4 28. Rec1 Rxc1+ 29. Rxc1 Rc6 30. Kf2 Kf8
31. Ke3 Ke7 32. g4 Ke6 33. Ke4 f5+ 34. gxf5+ gxf5+ 35. Kd3 a6 36. a4 Kd5 37. a5 c4+ 38. Ke3 c3 39. Kd3 Rc5 40. Rxc3 Rxa5
41. h4 Ra4 42. Ke3 Re4+ 43. Kf3 a5 44. Rd3+ Ke6 45. Rd6+ Ke7 46. Rf6 a4 47. Rxf5 a3 48. Rh5 Ra4 49. Rxh7+ Kf8 50. Rd7 a2
51. Rd1 a1=Q 52. Rxa1 Rxa1 53. Kg4 Rg1+ 54. Kf5 Ke7
0-1

[Event "only under 1900 (leisure version)"]
[Site "SchemingMind.com"]
[Date "2018.04.05"]
[Round "-"]
[White "Holty"]
[Black "Iucounu"]
[Result "1-0"]
[WhiteCountry "ENG"]
[BlackCountry "ENG"]
[WhiteElo "1737"]
[WhiteRD "61"]
[BlackElo "1634"]
[BlackRD "77"]
[GameID "426681"]

1. d4 Nf6 2. c4 e6 3. Nf3 Bb4+ 4. Bd2 Qe7 5. g3 Bxd2+ 6. Qxd2 O-O 7. Bg2 d6 8. Nc3 e5 9. O-O exd4 10. Nxd4 Bd7
11. Bxb7 c5 12. Ndb5 Bxb5 13. Bxa8 Bxc4 14. b3 Be6 15. Bg2 Rd8 16. Rfe1 Qc7 17. Rac1 Nbd7 18. Nb5 Qb6 19. Nc3 a6 20. h3 Ne5
21. Ne4 Nxe4 22. Bxe4 g6 23. Bg2 a5 24. Kh2 d5 25. f4 Nc6 26. Qb2 c4 27. e4 cxb3 28. exd5 Bxd5 29. Bxd5 Rxd5 30. Re8#
1-0

[Event "only under 1900 (leisure version)"]
[Site "SchemingMind.com"]
[Date "2018.04.05"]
[Round "-"]
[White "Iucounu"]
[Black "Holty"]
[Result "0-1"]
[WhiteCountry "ENG"]
[BlackCountry "ENG"]
[WhiteElo "1604"]
[WhiteRD "75"]
[BlackElo "1767"]
[BlackRD "60"]
[GameID "426682"]

1. d4 d5 2. Bf4 c5 3. e3 cxd4 4. exd4 Nc6 5. Nf3 Nf6 6. h3 Qb6 7. b3 Bf5 8. a4 e6 9. Bb5 a6 10. Bxc6+ Qxc6
11. c3 Nd7 12. Qd2 Be7 13. O-O Be4 14. Ng5 Bg6 15. Na3 f6 16. Nf3 O-O 17. Rfc1 Bh5 18. g4 Bf7 19. Qd3 Rad8 20. c4 Bg6
21. Qc3 dxc4 22. Nxc4 Be4 23. Nfd2 Rc8 24. Nxe4 Qxe4 25. Be3 Qf3 26. Bd2 Qxc3 27. Bxc3 f5 28. f3 fxg4 29. fxg4 Bg5 30. Rc2 Bf4
31. Bd2 e5 32. Bxf4 exf4 33. Rf1 b5 34. axb5 axb5 35. Na3 Rxc2 36. Nxc2 g5 37. Re1 Kf7 38. b4 Rc8 39. Re2 Re8 40. Rxe8 Kxe8
41. Kf2 Nb6 42. Kf3 Ke7 43. Ke4 Ke6 44. Na3 Nd5 45. Nxb5 Nxb4 46. Nc3 Nc2 47. d5+ Kd7 48. Kf5 h6 49. Ne4 Ne3+ 50. Kg6 Nxd5
51. Kxh6 Ke7 52. Nxg5 Kf6 53. h4 Ne3 54. Kh5 Ke5 55. Nh3 f3 56. g5 Kf5 57. Nf2 Ng2 58. g6 Nf4+ 59. Kh6 Nxg6 60. h5 Nf4
61. Nh1 Kg4 62. Nf2+ Kh4 63. Nd1 Nxh5 64. Kg6 Ng3 65. Nf2 Ne2 66. Kf5 Kg3 67. Ne4+ Kg2 68. Kg4 Nc3 69. Nd2 f2 70. Kf4 Nb1
0-1

[Event "only under 1900 (leisure version)"]
[Site "SchemingMind.com"]
[Date "2018.04.05"]
[Round "-"]
[White "ray winteringham"]
[Black "Iucounu"]
[Result "0-1"]
[WhiteCountry "ENG"]
[BlackCountry "ENG"]
[WhiteElo "1569"]
[WhiteRD "50"]
[BlackElo "1634"]
[BlackRD "77"]
[GameID "426683"]

1. e4 e6 2. d4 d5 3. e5 c5 4. c3 Nc6 5. Nf3 Qb6 6. b3 cxd4 7. cxd4 Bb4+ 8. Nbd2 Nxd4 9. Be2 Bd7 10. a3 Nxe2
11. Qc2 Bxd2+ 12. Qxd2 Nxc1 13. Qxc1 Ne7 14. O-O Ng6 15. b4 Ba4 16. Re1 O-O 17. Qb2 Rac8 18. Nd4 Rc4 19. Nf3 Rc2 20. Qd4 Qxd4
21. Nxd4 Rb2 22. g3 Rc8 23. f4 Rd2 24. Nf3 Rb2 25. Rf1 Rcc2 26. Ne1 Bc6 27. Rd1 Rxh2 28. Rd4 h5 29. Rf3 h4 30. Nd3 Rbg2+
31. Kf1 hxg3 32. Ne1 Bb5+ 33. Nd3 Rd2 34. Ke1 Bxd3 35. Rdxd3 Rde2+ 36. Kd1 Ra2 37. Ke1 Rh1+ 38. Rf1 Ra1+
0-1

[Event "only under 1900 (leisure version)"]
[Site "SchemingMind.com"]
[Date "2018.04.05"]
[Round "-"]
[White "Iucounu"]
[Black "ray winteringham"]
[Result "1-0"]
[WhiteCountry "ENG"]
[BlackCountry "ENG"]
[WhiteElo "1634"]
[WhiteRD "77"]
[BlackElo "1569"]
[BlackRD "50"]
[GameID "426684"]

1. d4 d5 2. Bf4 e6 3. Nf3 Bd6 4. Bxd6 Qxd6 5. c3 h6 6. e3 b6 7. Nbd2 Bb7 8. Ne5 Nd7 9. Nxd7 Qxd7 10. Qb3 Ne7
11. Bb5 Bc6 12. Bxc6 Nxc6 13. O-O O-O 14. c4 Na5 15. Qb5 Qxb5 16. cxb5 Nb7 17. b4 Nd6 18. a4 f5 19. g3 g5 20. Rfc1 Kg7
21. Rxc7+ Rf7 22. Rac1 g4 23. Rxf7+ Kxf7 24. Rc7+ Kg6 25. Kg2 a5 26. bxa5 Rxa5 27. Rc6 Nc4 28. Nxc4 Rxa4 29. Ne5+ Kf6 30. Rxb6 Rb4
31. Rb7 Kg5 32. b6 Kf6 33. Rf7+ Kg5 34. h4+ Kh5 35. Rg7 Rxb6 36. Nd7
1-0

[Event "only under 1900 (leisure version)"]
[Site "SchemingMind.com"]
[Date "2018.04.10"]
[Round "-"]
[White "Iucounu"]
[Black "DANDYLIONHONEYBADGER"]
[Result "1-0"]
[WhiteCountry "ENG"]
[BlackCountry "USA"]
[WhiteElo "1602"]
[WhiteRD "76"]
[BlackElo "1419"]
[BlackRD "71"]
[GameID "426685"]

1. d4 d5 2. Bf4 Na6 3. a3 Nf6 4. Nf3 h6 5. h3 g5 6. Be5 Bg7 7. e3 Rh7 8. Bd3 Rh8 9. O-O Bd7 10. Nbd2 c5
11. Bxa6 bxa6 12. dxc5 Bb5 13. Re1 Rh7 14. b4 Nd7 15. Bxg7 Rxg7 16. Nd4 Ba4 17. N4b3 Qc7 18. c4 dxc4 19. Nxc4 Bxb3 20. Qxb3 Ne5
21. Nxe5 Qxe5 22. Qa4+ Kf8 23. Qxa6 Rg6 24. Qc4 h5 25. Qd4 Qxd4 26. exd4 Re6 27. Rxe6 fxe6 28. b5 Rd8 29. Rd1 e5 30. d5 e6
31. d6 g4 32. hxg4 hxg4 33. c6 Rb8 34. d7 Ke7 35. d8=Q+ Rxd8 36. Rxd8 Kxd8 37. g3 Kc7 38. a4 e4 39. Kf1 e5 40. Ke2 Kb6
41. Ke3 a6 42. Kxe4 axb5 43. axb5 Kc7 44. Kxe5 Kb6 45. Kf5 Kxb5 46. c7
1-0

[Event "only under 1900 (leisure version)"]
[Site "SchemingMind.com"]
[Date "2018.04.10"]
[Round "-"]
[White "DANDYLIONHONEYBADGER"]
[Black "Iucounu"]
[Result "0-1"]
[WhiteCountry "USA"]
[BlackCountry "ENG"]
[WhiteElo "1372"]
[WhiteRD "71"]
[BlackElo "1661"]
[BlackRD "72"]
[GameID "426686"]

1. e4 e6 2. Nc3 d5 3. Qe2 Nf6 4. exd5 Nxd5 5. Nxd5 Qxd5 6. c4 Qd8 7. b3 Be7 8. a3 O-O 9. Nf3 Nc6 10. Bb2 Bf6
11. Bxf6 Qxf6 12. Rc1 Nd4 13. Nxd4 Qxd4 14. Qd3 c5 15. Qxd4 cxd4 16. Bd3 Bd7 17. O-O Bc6 18. b4 b6 19. b5 Bb7 20. Rfe1 Rfd8
21. Be4 Bxe4 22. Rxe4 h6 23. c5 bxc5 24. Rxc5 Rd6 25. d3 f6 26. Rc6 Rxc6 27. bxc6 e5 28. Re1 Rc8 29. Rc1 Kf7 30. g3 Ke6
31. Kg2 Kd6 32. f4 Rxc6 33. fxe5+ fxe5 34. Rb1 g5 35. Kh3 h5 36. g4 h4 37. Rf1 Rc3 38. Rf6+ Kd5 39. Rf3 Rxa3 40. Kg2 a5
41. Rf5 Rxd3 42. Rxg5 h3+ 43. Kf2 a4 44. Ke2 Re3+ 45. Kf2 a3 46. Rf5 a2 47. g5 a1=Q 48. g6 Qe1#
0-1